Wortgemisch - Städte in Süddeutschland - Statistiken

Allgemein
  • Dieses Quiz wurde 6.190 mal gespielt
    6.138 seit der letzten Aktualisierung
  • Das Durchschnittsergebnis liegt bei 10 aus 20
Antwortstatistiken
Antwort % Korrekt
Hof
95%
Ulm
95%
Fürth
91%
München
90%
Würzburg
89%
Roth
82%
Stuttgart
81%
Nürnberg
77%
Passau
74%
Memmingen
69%
Augsburg
68%
Neu-Ulm
68%
Dachau
67%
Freiburg
66%
Kempten
60%
Coburg
59%
Mannheim
58%
Bamberg
57%
Bayreuth
55%
Göppingen
55%
Tübingen
53%
Aalen
52%
Schwäbisch Hall
52%
Baden-Baden
50%
Konstanz
50%
Regensburg
50%
Pforzheim
49%
Karlsruhe
44%
Heidelberg
42%
Lindau
42%
Schwäbisch Gmünd
38%
Villingen-Schwenningen
38%
Ludwigsburg
36%
Garmisch-Partenkirchen
35%
Aschaffenburg
32%
Freising
32%
Ingolstadt
32%
Schweinfurt
31%
Ansbach
30%
Heilbronn
30%
Erlangen
27%
Landshut
26%
Offenburg
26%
Friedrichshafen
24%
Fellbach
20%
Rosenheim
19%
Reutlingen
17%
Keine übereinstimmenden Quizze gefunden
Verteilung der Resultate
Anzahl Personen mit jedem Resultat
Perzentil nach korrekt beantworteten Fragen
Ihre Resultats-Entwicklung
Sie haben dieses Quiz seit der letzten Aktualisierung nicht gespielt